| 000 | 01059cam a2200289 i 4500 | ||
|---|---|---|---|
| 001 | 18382335 | ||
| 003 | SISC | ||
| 005 | 20160927143518.0 | ||
| 008 | 141121s2016 nyua 001 0 eng | ||
| 010 | _a 2014045695 | ||
| 020 | _a9781138844339 (pbk.) | ||
| 040 |
_aDLC _beng _cDLC _erda _dDLC |
||
| 042 | _apcc | ||
| 050 | 0 | 0 |
_aTS 171.95 _b.M66 2016 |
| 082 | 0 | 0 | _a621.9/88 |
| 100 | 1 |
_aMongeon, Bridgette, _eauthor. |
|
| 245 | 1 | 0 |
_a3D technology in fine art and craft : _bexploring 3D printing, scanning, sculpting and milling / _cBridgette Mongeon. |
| 246 | 3 | _aThree-D technology in fine art and craft | |
| 260 |
_aNew York : _bFocal Press, _c2015. |
||
| 300 |
_axix, 308 pages : _bcolor illustrations ; _c24 cm. |
||
| 500 | _aIncludes appendix and index. | ||
| 650 | 0 | _aThree-dimensional printing. | |
| 650 | 0 |
_aArt _xTechnique. |
|
| 906 |
_a7 _bcbc _corignew _d1 _eecip _f20 _gy-gencatlg |
||
| 942 |
_2lcc _cBK |
||
| 999 |
_c305124 _d305124 |
||